000 00546nam a2200205Ia 4500
005 20230720092234.0
008 131103s9999 xx 000 0 und d
040 _aLoreto College
041 _aEnglish
082 _a920
_bFIT
100 _aLindsey,John
245 4 _aThe Shining Life and Death of Lord Edward Fitzgerrald
_cJohn Lindsey
260 _aLondon
_bRich and Cowan
_c[19 - ?]
300 _a160 p.
_b 18 illus.
504 _aIncludes index
650 _aFitzgerald,Edward
651 _aBiography
850 _aLCLIB
942 _cBK
999 _c12238
_d62717